| 000 | 00472pab a2200193 454500 | ||
|---|---|---|---|
| 008 | 180718b2012 xxu||||| |||| 00| 0 eng d | ||
| 100 | _aRajimwale, Anil | ||
| 245 | _aRemembering June 22, 1941: Nazi attack on USSR and victory over fascism | ||
| 260 | _c2012 | ||
| 300 | _ap.5,34-35. | ||
| 362 | _a23 Jun | ||
| 650 | _aNazism | ||
| 650 | _aFascism | ||
| 650 | _aInternational relations | ||
| 650 | _aWar | ||
| 773 | _aMainstream | ||
| 908 | _aN | ||
| 909 | _a96852 | ||
| 999 |
_c96852 _d96852 |
||